Statistiques concernant Circonscriptions législatives de la région Normandie sur une carte

Cliquez ici pour prendre le quiz!

Statistiques générales

  • Ce quiz a été pris 130 fois
  • Le résultat moyen est 21 sur 28

Réponses sur la Carte

Les réponses sont colorées sur une échelle allant du rouge au vert en fonction du pourcentage des utilisateurs qui les ont devinées à leur premier essai. Vous pouvez retrouver ces pourcentages ci-dessous.
 

Statistiques - réponses

NuméroCantons inclus dans la circonscription% Correct
8Gonfreville-l'Orcher, Le Havre II, Le Havre III, Le Havre IV, Le Havre VIII, Le Havre IX
100%
7Le Havre I, Le Havre V, Le Havre VI, Le Havre VII, Montivilliers
100%
6Aumale, Blangy-sur-Bresle, Dieppe Est, Dieppe Ouest, Forges-les-Eaux, Envermeu, Eu, Londinières, Neufchâtel-en-Bray, Offranville
99%
3Le Petit-Quevilly, Rouen VI, Saint-Etienne-du-Rouvray, Sotteville-lès-Rouen Est, Sotteville-lès-Rouen Ouest
99%
1Mont-Saint-Aignan, Rouen I, Rouen II, Rouen III, Rouen IV, Rouen V, Rouen VII
99%
4Beaumont-Hague, Cherbourg Nord-Ouest, Cherbourg Sud-Est, Cherbourg-Octeville Sud-Ouest, Equeurdreville-Hainneville, Quettehou, Saint-Pierre-Eglise, Tourlaville
98%
1Caen I, Caen II, Caen III, Caen VIII, Caen IX, Tilly-sur-Seulles
98%
2 Caen IV, Caen V, Caen VI, Caen VII, Caen X, Troarn
98%
1Canisy, Carentan, Marigny, Montebourg, Percy, Saint-Clair-sur-l'Elle, Saint-Jean-de-Daye, Saint-Lô Est, Saint-Lô Ouest, Sainte-Mère-Eglise, Tessy-sur-Vire, Torigni-sur-Vire, Villedieu-les-Poêles
94%
1Alençon I, Alençon II, Alençon III, Carrouges, Courtomer, Domfront, La Ferté-Macé, Juvigny-sous-Andaine, Le Mêle-sur-Sarthe, Passais, Sées
93%
1Breteuil, Damville, Evreux Est, Evreux Sud, Nonancourt, Pacy-sur-Eure, Saint-André-de-l'Eure, Verneuil-sur-Avre
93%
2Beaumont-le-Roger, Brionne, Conches-en-Ouche, Evreux Nord, Evreux Ouest, Le Neubourg, Rugles
92%
2Avranches, Barenton, Brécey, Ducey, Granville, La Haye-Pesnel, Isigny-le-Buat, Juvigny-le-Tertre, Mortain, Pontorson, Saint-Hilaire-du-Harcouët, Saint-James, Saint-Pois, Sartilly, Sourdeval, Le Teilleul
86%
5Balleroy, Bayeux, Caumont-l'Eventé, Creully, Douvres-la-Délivrande, Isigny-sur-Mer, Ryes, Trévières
84%
4Blangy-le-Château, Cabourg, Dozulé, Honfleur, Lisieux I, Ouistreham, Pont-l'Evêque, Trouville-sur-Mer
84%
3Bretteville-sur-Laize, Cambremer, Falaise Nord, Falaise Sud, Lisieux II, Lisieux III, Livarot, Mézidon-Canon, Morteaux-Couliboeuf, Orbec, Saint-Pierre-sur-Dives,
77%
5Les Andelys, Ecos, Etrépagny, Fleury-sur-Andelle, Gisors, Lyons-la-Forêt, Vernon Nord, Vernon Sud
70%
6Aunay-sur-Odon, Le Bény-Bocage, Bourguébus, Condé-sur-Noireau, Evrecy, Saint-Sever-Calvados, Thury-Harcourt, Vassy, Villers-Bocage, Vire
68%
3Barneville-Carteret, Bréhal, Bricquebec, Cerisy-la-Salle, Coutances, Gavray, La Haye-du-Puits, Les Pieux, Lessay, Montmartin-sur-Mer, Périers, Saint-Malo-de-la-Lande, Saint-Sauveur-Lendelin, Saint-Sauveur-le-Vicomte, Valognes
68%
3Argentan Est, Argentan-Ouest, Athis-de-l'Orne, Briouze, Ecouché, Exmes, Flers Nord, Flers Sud, Messei, Mortrée, Putanges-Pont-Ecrepin, Tinchebray, Trun
65%
9Bolbec, Criquetot-l'Esneval, Fauville-en-Caux, Fécamp, Goderville, Saint-Romain-de-Colbosc, Valmont
64%
2 L'Aigle Est, L'Aigle Ouest, Bazoches-sur-Hoëne, Bellême, La Ferté-Frênel, Gacé, Longny-au-Perche, Le Merlerault, Mortagne-au-Perche, Moulins-la-Marche, Nocé, Pervenchères, Rémalard, Le Theil, Tourouvre, Vimoutiers
63%
3Beaumesnil, Bernay Est, Bernay Ouest, Beuzeville, Broglie, Cormeilles, Montfort-sur-Risle, Pont-Audemer, Quillebeuf-sur-Seine, Routot, Saint-Georges-du-Vièvre, Thiberville
60%
4Caudebec-lès-Elbeuf, Elbeuf, Grand-Couronne, Le Grand-Quevilly, Maromme
48%
10Bacqueville-en-Caux, Bellencombre, Cany-Barville, Clères, Doudeville, Fontaine-le-Dun, Longueville-sur-Scie, Ourville-en-Caux, Saint-Saëns, Saint-Valery-en-Caux, Tôtes, Yerville, Yvetot
43%
4Amfreville-la-Campagne, Bourgtheroulde-Infreville, Gaillon, Gaillon-Campagne, Louviers Nord, Louviers Sud, Pont-de-l'Arche, Val-de-Reuil
39%
2Argueil, Bois-Guillaume, Boos, Buchy, Darnétal, Gournay-en-Bray
29%
5Caudebec-en-Caux, Duclair, Lillebonne, Notre-Dame-de-Bondeville, Pavilly
27%

Distribution des résultats

Percentile par nombre de réponses

% des personnes avec chaque résultat

Votre développement - résultats

Vous n’avez pas pris ce quiz